Catálogo
 En Linea

Mi correspondencia con Lezama Lima / (Registro nro. 7225)

Detalles MARC
000 -CABECERA
campo de control de longitud fija 00869cam a2200217 a 4500
001 - NÚMERO DE CONTROL
campo de control 000007444
005 - FECHA Y HORA DE LA ÚLTIMA TRANSACCIÓN
campo de control 20200929154155.0
008 - DATOS DE LONGITUD FIJA--INFORMACIÓN GENERAL
campo de control de longitud fija 910827s1989 cu a 000 0dspa
040 ## - FUENTE DE LA CATALOGACIÓN
Centro catalogador/agencia de origen DO-SdBNP
Centro/agencia transcriptor DLC
082 ## - NÚMERO DE LA CLASIFICACIÓN DECIMAL DEWEY
Número de clasificación Cu866.44
Número de documento/Ítem R696m
049 ## - FONDOS LOCALES (OCLC)
Fondos de biblioteca BNGR
100 1# - ENTRADA PRINCIPAL--NOMBRE DE PERSONA
Nombre de persona Rodriguez Feo, José,
Fechas asociadas al nombre 1920-
9 (RLIN) 20692
245 10 - MENCIÓN DE TÍTULO
Título Mi correspondencia con Lezama Lima /
Mención de responsabilidad, etc. José Rodriguez Feo.
260 ## - PUBLICACIÓN, DISTRIBUCIÓN, ETC.
Lugar de publicación, distribución, etc. El Vedado, Ciudad de La Habana :
Nombre del editor, distribuidor, etc. Unión de Escritores y Artistas de Cuba,
Fecha de publicación, distribución, etc. c1989.
300 ## - DESCRIPCIÓN FÍSICA
Extensión 143 p. :
Otras características físicas il. ;
Dimensiones 23 cm.
600 10 - PUNTO DE ACCESO ADICIONAL DE MATERIA--NOMBRE DE PERSONA
Nombre de persona Lezama Lima, José
Subdivisión de forma CORRESPONDENCIA, MEMORIAS, ETC.
9 (RLIN) 20693
600 10 - PUNTO DE ACCESO ADICIONAL DE MATERIA--NOMBRE DE PERSONA
Nombre de persona Rodriguez Feo, José
Subdivisión de forma CORRESPONDENCIA, MEMORIAS, ETC.
9 (RLIN) 20694
650 #4 - PUNTO DE ACCESO ADICIONAL DE MATERIA--TÉRMINO DE MATERIA
Término de materia o nombre geográfico como elemento de entrada Autores cubanos
Subdivisión cronológica SIGLO XX
Subdivisión de forma CORRESPONDENCIA, MEMORIAS, ETC.
9 (RLIN) 20695
650 #4 - PUNTO DE ACCESO ADICIONAL DE MATERIA--TÉRMINO DE MATERIA
Término de materia o nombre geográfico como elemento de entrada Literatura cubana
Subdivisión cronológica SIGLO XX
Subdivisión de forma CORRESPONDENCIA, MEMORIAS, ETC.
9 (RLIN) 20696
910 ## - DATOS DE OPCIÓN DEL USUARIO (OCLC)
Datos de opción del usuario Catalogación por copia / LC
Existencias
Estado de retiro Estado de pérdida Restricciones de uso No para préstamo Código de colección Localización permanente Ubicación/localización actual Ubicación en estantería Fecha de adquisición Número de inventario Total de préstamos Signatura topográfica completa Código de barras Fecha visto por última vez Precio válido a partir de Tipo de ítem Koha
    Préstamo interno   Monografías: Libros y Folletos General General En catalogación 08.09.2009 LF1   Cu866.44 R696m 7444-10 25.06.2020 25.06.2020 Préstamo interno

Con tecnología Koha